| 000 | 01485aam a2200313 i 4500 | ||
|---|---|---|---|
| 999 |
_c46210 _d46210 |
||
| 001 | 19852 | ||
| 003 | CO-MdFUSB | ||
| 005 | 20180727100823.0 | ||
| 008 | 180727t1984 enk||||g |||| 00| 0 eng d | ||
| 020 | _a0-225-66418-6 | ||
| 040 |
_aCO-MdFUSB _bspa _cCO-MdFUSB _dCO-MdFUSB _erda |
||
| 041 | _aeng | ||
| 082 |
_224 _aG 232.5 _bP448r |
||
| 100 | 1 |
_aPerkins, Pheme _eautor |
|
| 245 | 1 | 0 |
_aResurrection _b: New Testament witness and contemporary reflection _c/ Pheme Perkins |
| 264 | 1 |
_aLondon : _bGeoffrey Chapman, _c℗1984 |
|
| 264 | 4 | _c©1984 | |
| 300 |
_a504 páginas _c; 25 cm |
||
| 336 |
_2rdacontent _atexto _btxt |
||
| 337 |
_2rdamedia _asin mediación _bn |
||
| 338 |
_2rdacarrier _avolumen _bnc |
||
| 501 | _aIncluye índice (páginas 480-504) | ||
| 504 | _aBibliografía (páginas 253- 479) | ||
| 505 | 0 | _aLa cuestión de la resurrección -- Resurrección y inmortalidad en el judaísmo -- La resurrección y la vida de Jesús -- Resurrección en los Evangelios: Marcos y Mateo -- Resurrección en los Evangelios: Lucas y Juan -- Resurrección como comisión apostólica -- Resurrección como kerygma -- Resurrección como la presencia de Jesús -- Resurrección y el futuro de los cristianos -- Resurrección y el cristianismo del segundo siglo -- Resurrección y los fundamentos de la fe cristiana -- Resurrección y el encuentro contemporánea con la muerte | |
| 563 | _aPasta dura | ||
| 650 | 7 |
_9214 _aResurrección |
|
| 942 | _cBK | ||